000 00604nam a22002177a 4500
003 UA-OsUOA
001 46448
007 ta
008 20070618b un ||||| |||| 00| 0 ukr d
090 _a82.09
_bП53
942 _cBK
040 _aUA-OsUOA
_brus
_cUA-OsUOA
_dUA-OsUOA
245 _aПольський романтизм и восточнославянские литературы
300 _a284 с.
955 _a3
041 _arus
080 _a82.09
260 _aМ.
_bНаука
_c1973
650 7 _a82 Література. Літературознавство
_2UDC
999 _c332540
_d332540